000 01151naa a22002777a 4500
001 BR9400419
003 BR-BrBNA
005 20240918180928.0
007 ta
008 230509b bl.||||| |||| 00| 0 por d
040 _aBR-BrBNA
_bpor
_cBiblioteca Nacional de Agricultura
041 _a(Pt)
072 _aP01; F40
_b/G514
090 _aP01 BR9400419
100 1 _aLleras-Perez, E.
111 1 _aSeminario Internacional sobre Meio Ambiente, Pobreza e Desenvolvimento da Amazonia
_cBelem, PA (Brazil)
_d16-19 Feb 1992
245 1 _aUso tradicional da biota, manejo e domesticacao de recursos geneticos [Amazonia]
260 3 _aBelem, PA (Brasil):
_c1992.
500 _aSeminario Internacional sobre Meio Ambiente, Pobreza e Desenvolvimento da Amazonia. SIMDAMAZONIA. Anais Belem, PA (Brasil): 1992. p. 126-132 (BR9400419-AM)P01
650 _aRecurso Natural
650 _aBiota
650 _aAmazonia
773 0 _tSeminario Internacional sobre Meio Ambiente, Pobreza e Desenvolvimento da Amazonia. SIMDAMAZONIA. Anais
_wP01 BR9400419
_gBelem, PA (Brasil), 1992. p. 126-132
909 _a202404
_bLucia
_c55
_dLucia Elande
942 _cAM
_2AGRIS
999 _c322742
_d322742